Regionalliga Südwest Teams 2024/25 - Sudden Death - Statistiken

Allgemein
  • Dieses Quiz wurde 162 mal gespielt
  • Das Durchschnittsergebnis liegt bei 10 aus 18
Answers on the Grid
Answers color-coded by a green-red scale on the quiz's grid according to % correct below.
Eintracht Trier
FC Homburg
Waldhof Mannheim
TSV Steinbach-Haiger
SG Barockstadt Fulda
Sonnenhof Großaspach
FSV Frankfurt
Göppinger SV
FC Villingen
FC Gießen
SSV Ulm
Mainz 05 II
Hessen Kassel
SV Elversberg
Kickers Offenbach
VfB Stuttgart II
Borussia Neunkirchen
FSV Salmrohr
Eintracht Frankfurt II
TSG Hoffenheim II
VfR Aalen
Eintracht Stadtallendorf
Stuttgarter Kickers
Bahlinger SC
TuS Koblenz
FK Pirmasens
SC Freiburg II
Wormatia Worms
SGV Freiberg
Astoria Walldorf
 
Antwortstatistiken
Antwort % Korrekt
Eintracht Trier
78%
FSV Frankfurt
78%
FC Homburg
77%
Kickers Offenbach
71%
TSV Steinbach-Haiger
65%
Hessen Kassel
63%
SG Barockstadt Fulda
57%
Stuttgarter Kickers
57%
Mainz 05 II
56%
TSG Hoffenheim II
54%
FC Gießen
48%
FC Villingen
48%
Eintracht Frankfurt II
47%
Göppinger SV
47%
SC Freiburg II
44%
SGV Freiberg
43%
Bahlinger SC
41%
Astoria Walldorf
40%
Keine übereinstimmenden Quizze gefunden
Verteilung der Resultate
Anzahl Personen mit jedem Resultat
Perzentil nach korrekt beantworteten Fragen
Ihre Resultats-Entwicklung
Sie haben dieses Quiz noch nicht gespielt